000 02168cam a2200481Ia 4500
001 8600575
003 OSt
005 20211130180900.0
006 m o d
007 cr cn|||||||||
008 110215s2009 ohua ob 001 0 eng d
020 _a9783446420144
035 _a(OCoLC)ocn701837643
035 _a(OCoLC)701837643
035 _a(NNC)8600575
037 _bKnovel Corporation
_nhttp://www.knovel.com
038 _aKhadija
040 _aKNOVL
_beng
_cKNOVL
_dOCLCQ
_dOPELS
_dKNOVL
_dZCU
_dKNOVL
_dOCLCF
050 4 _aTP1120
_b.K375 2009eb
082 0 4 _a668.4
_222
_bKAZ
100 1 _aKazmer, O David.
_985346
245 1 0 _aPlastics manufacturing systems engineering :
_ba systems approach /
_cDavid O. Kazmer.
260 _aCincinnati, Ohio :
_bHanser Publications,
_cc2009.
300 _a1 online resource (xviii, 502 p.) :
_bill.
504 _aIncludes bibliographical references and index.
520 _a"Plastics manufacturing is a highly interdisciplinary endeavor requiring knowledge related to materials science, physics, engineering, and management. This book was written to educate and support plastics processing engineers, but is also highly useful to others involved with plastics manufacturing who are performing process development, research, and even machinery design"--Provided by publisher.
563 _aHB
650 0 _aPlastics.
_985347
650 0 _aManufacturing processes.
_985348
650 0 _aSystems engineering.
_985349
650 6 _aPlasturgie.
_985350
650 6 _aPlasturgie
_xAppareils et matériel.
_985351
650 6 _aFabrication.
_985352
650 6 _aMatières plastiques.
_985353
650 7 _aManufacturing processes.
_2fast
_985348
650 7 _aPlastics.
_2fast
_985347
650 7 _aSystems engineering.
_2fast
_985349
655 4 _aElectronic books.
_985354
776 0 8 _iPrint version:
_aKazmer, David.
_tPlastics manufacturing systems engineering.
_dCincinnati, Ohio : Hanser Publications, c2009
_z9781569904626
_w(DLC) 2009016125
_w(OCoLC)318716174
856 4 0 _uhttp://www.columbia.edu/cgi-bin/cul/resolve?clio8600575
_zACADEMIC - Plastics & Rubber
942 _2ddc
_cBK
999 _c32528
_d32528